01707 a2200169 4500003000500000005001700005010001600022020001700038040000900055082002000064100002000084245007800104260004400182300003400226505123100260650004601491Nust20230512120540.0 a 83016081 a0835956504 : cNust00a001.6420683,PAR1 aParikh, Girish,10aProgrammer productivity :bachieving an urgent priority /cGirish Parikh. aReston, Va. :bReston Pub. Co.,cc1984. axvi, 235 p. :bill. ;c24 cm. aImproved Maintenance Techniques how to use Structured Techniques in Maintenance (Page-7), How to Make the Most of HIPO (Page-24), A Powerful Structured Tool: The Warnier/ Orr Diagram (Page-49), How to Increase COBOL Programming Productivity Using a Preprocessor (Page-68), How to Document Program Changes and Enhancements Internally (Page-84), How to Make the Most of Top-Down Development (Page-92), Techniques of Measuring Programmer Productivity (Page-110), Software Tools and Programmer Productivity (Page-123), How to Be Egoless (Page-127), The Three Ts for Increasing Programmer Productivity: Techniques Tools And Training (Page-134), Productivity Improvement through the Use of Software Tools (Page-137), Automated Auditors Aid Maintenance (Page-145), How to Pick a Winner (Page-151), Unpaid Overtime: An Impediment to Increasing Programmer Productivity (Page-162), Programmer Productivity Tips (Page-166), Logical Retrofit for Enhancing Maintenance Programming (Page-184), Maintaining / Enhancing Applications Software Packages Productivity (Page-190), The Missing Link in DP Training Software Maintenance (Page-196), Are you an Illiterate Programmer (Page-230), Are you an Illiterate Programming Manager (Page-207).  0aComputer programmingxLabor productivity.